000 01616nas a2200445 i 4500
001 196597
003 ES-MaACL
005 20250217134954.0
008 241008c1989 sp fr p 0uuub0spa
010 _an
_b0
015 _a1990/1991-3946
016 7 _abiseBNE19940184575
_2SpMaBN
_zREVIS0000002016
017 _aCO 1381-1989
_bOficina Depósito Legal Córdoba
022 0 _a1135-5816
035 _a(OCoLC)436556266
035 _a(SpMaBN)bise0000165367
035 _a991053738149708606
037 _bAlfonso de Castro, 41, 14960; tf./fax: 957532945; c.e.: anforanova@ctv.es, p. web: www.anforanova.es
040 _aSpMaBN
_bspa
_cSIC
_erdc
_dES-MaACL
080 _a860
210 0 _aAnfora nova
222 0 _aAnfora nova
245 0 0 _aÁnfora nova :
_brevista literaria /
_cAsociación Ánfora Cultural
260 _aRute [Córdoba] :
_bAsociación Ánfora Cultural,
_c1989-
300 _av. ;
_c25 cm
310 _aSemestral
336 _2rdacontent
_atexto
337 _2rdamedia
_asin mediación
338 _2rdacarrier
_avolumen
362 0 _aN. 1 (oct. 1989)-
597 _aVariaciones en el formato
655 0 _aRevistas literarias
_2tgfbne
_9176430
710 2 _aAsociación Anfora Cultural
_9239098
852 _aES-MaACL
_cHEM
_jHEM-1922
_hDonación: Editorial
_9204315
_zRevista viva
_zCasillero actual: Cº 1
856 4 _uhttps://dialnet.unirioja.es/servlet/revista?codigo=26849
_ySumarios de la revista en Dialnet
866 _o2023-
942 _2udc
_n0
_cPERIODICA
955 _bOrex Digital
999 _c196597
_d196597